Halifax house price index (Record no. 111799)

MARC details
000 -LEADER
fixed length control field 01018cad a22002055a 4500
001 - CONTROL NUMBER
control field L152016
008 - FIXED-LENGTH DATA ELEMENTS--GENERAL INFORMATION
fixed length control field 110207s2011 xxk f 000 0 eng d
035 ## - SYSTEM CONTROL NUMBER
System control number (Sirsi) u152016
041 0# - LANGUAGE CODE
Language code of text/sound track or separate title eng
050 04 - LIBRARY OF CONGRESS CALL NUMBER
Classification number 333.33 $2 18
110 2# - MAIN ENTRY--CORPORATE NAME
Corporate name or jurisdiction name as entry element Lloyds Banking Group
9 (RLIN) 5822
245 00 - TITLE STATEMENT
Title Halifax house price index
Remainder of title January 2011
Medium [electronic resource]
260 ## - PUBLICATION, DISTRIBUTION, ETC.
Place of publication, distribution, etc. London
Name of publisher, distributor, etc. Lloydsbankinggroup
Date of publication, distribution, etc. 2011
520 ## - SUMMARY, ETC.
Summary, etc. United Kingdom house prices increased by 0.8% in January 2011 but prices in the three months to January were 0.7% lower than in the preceding three months. Fewer properties are coming onto the market. A continuation of this trend would help to reduce the imbalance between demand and supply and support house prices.
590 ## - LOCAL NOTE (RLIN)
Local note KA
651 #4 - SUBJECT ADDED ENTRY--GEOGRAPHIC NAME
Geographic name United Kingdom
Chronological subdivision
690 ## - LOCAL SUBJECT ADDED ENTRY--TOPICAL TERM (OCLC, RLIN)
Topical term or geographic name as entry element PROPERTY-RESIDENTIAL PROPERTY-RESIDENTIAL PROPERTY MARKET
856 40 - ELECTRONIC LOCATION AND ACCESS
Uniform Resource Identifier <a href="https://www.lloydsbankinggroup.com/media/pdfs/2011/HousePriceIndexJanuary2011.pdf">https://www.lloydsbankinggroup.com/media/pdfs/2011/HousePriceIndexJanuary2011.pdf</a>
Public note View this item free of charge at www.lloydsbankinggroup.com
942 ## - ADDED ENTRY ELEMENTS (KOHA)
Suppress in OPAC 0
Holdings
Withdrawn status Lost status Source of classification or shelving scheme Damaged status Not for loan Home library Current library Shelving location Date acquired Total Checkouts Full call number Barcode Date last seen Copy number Price effective from Koha item type
    Dewey Decimal Classification     Virtual Virtual Online 21/01/2011   ONLINE PUBLICATION 152016-2001 06/08/2019 1 06/08/2019 Book